| 000 | 00773nam a2200241 a 4500 | ||
|---|---|---|---|
| 008 | |||
| 020 | _a0471812188 (pbk.) | ||
| 049 | _aMAIN | ||
| 090 | 0 | 0 |
_aQD257 _bSOL |
| 100 | 1 | _aSolomons, T. W. Graham. | |
| 245 | 1 | 0 |
_aSolutions manual for Organic chemistry / _cT. W. Graham Solomons, Jack E. Fernandez. |
| 260 |
_aNew York : _bWiley, _cc1976. |
||
| 300 |
_aiii, 314 p. : _bill. ; _c26 cm. |
||
| 500 | _aMain work by T. W. G. Solomons. | ||
| 650 | 0 |
_aChemistry, Organic _xProblems, exercises, etc. |
|
| 700 | 1 | _aFernandez, Jack E. | |
| 700 | 1 |
_aSolomons, T. W. Graham. _tOrganic chemistry. |
|
| 907 |
_a.b10128438 _b07-05-12 _c22-06-04 |
||
| 003 | |||
| 005 | 20230123133744.0 | ||
| 040 | _cNUST | ||
| 942 |
_cBOOKS _kQD257 _mSOL |
||
| 999 |
_c154086 _d154086 |
||